000 01142nam a2200289 a 4500
001 000021807
003 DO-SdBNP
005 20251203095053.0
008 100913s1978 dr a 000 0 spa d
040 _aDO-SdBNP
_bspa
_cBNPHU
049 _aBNPD
082 _a930.1729375
_bO77a
100 1 _aOrtega, Elpidio
_916002
245 1 0 _aArqueología de los monumentos históricos de Santo Domingo /
_cElpidio Ortega , Carmen Fondeur.
260 _aSan Pedro de Macorís :
_bUCE,
_c1978.
300 _a241 p. :
_bil. ;
_c23 cm.
500 _aIncluye notas al pie de páginas
504 _aBibliografías : p. 237-241
650 4 _aMonumentos historicos
_zRepública Dominicana,
_zSanto Domingo
_945299
650 4 _aCeramica
_zRepública Dominicana,
_zSanto Domingo
_945301
650 4 _aExcavaciones arqueologicas
_zRepública Dominicana,
_zSanto Domingo
_945303
651 0 _a Santo Domingo (República Dominicana)
_xArqueología
_985361
651 0 _a Santo Domingo (República Dominicana)
_xAntiguedades
_985361
651 4 _aRepública Dominicana
_xAntiguedades
_978065
710 1 _aUniversidad Central del Este
_937229
942 _2ddc
_cLBS1
999 _c21305
_d21305